Alcance del método estático en el código sísmico de Costa Rica
שמור ב:
| מחבר ראשי: | |
|---|---|
| פורמט: | ספר |
| שפה: | Spanish |
| יצא לאור: |
[San José], Costa Rica
2015
|
| נושאים: | |
| תגים: |
הוספת תג
אין תגיות, היה/י הראשונ/ה לתייג את הרשומה!
|
MARC
| LEADER | 00000nam a22000007a 4500 | ||
|---|---|---|---|
| 003 | 012287 | ||
| 005 | 20221231143934.0 | ||
| 008 | 151113b2015 cr a|||| |||| 00| 0 spa d | ||
| 040 | |c cru CEDI | ||
| 090 | |a TFG 7451 | ||
| 100 | |9 2308 |a Valverde Loaiza, Camila | ||
| 245 | |a Alcance del método estático en el código sísmico de Costa Rica | ||
| 260 | |a [San José], Costa Rica |c 2015 | ||
| 500 | |a Proyecto de Graduación (licenciatura en ingeniería civil)--Universidad de Costa Rica. Facultad de Ingeniería. Escuela de Ingeniería Civil | ||
| 650 | |x ESTATICA |x CONSTRUCCIONES ANTISISMICAS |x CONSTRUCCION |x NORMAS |x OSCILACIONES |9 2309 | ||
| 942 | |c TFG | ||
| 999 | |c 14511 |d 14511 | ||
